Dos limites objetivos da coisa julgada material na jurisdiȯ̂ trabalhista individual

Detalles Bibliográficos
Autor principal: Mutti Capiotto, Gabriele
Formato: eBook
Lenguaje:portugués
Publicado: San Pablo: LTR, 2021
Materias:
Acceso en línea:Acceso restringido

MARC

LEADER 00000nam a22000007a 4500
005 20220511224847.0
007 cr|||| ||||
008 220511s2021 br |||||s|||| 00||0 por d
020 |a 978-65-5883-030-6 
035 |a 36390 
040 |a vLex 
090 |c 13327  |d 13327 
100 1 |a Mutti Capiotto, Gabriele 
245 1 0 |a Dos limites objetivos da coisa julgada material na jurisdiȯ̂ trabalhista individual  |h [Recurso electrn̤ico] /  |c Gabriele Mutti Capiotto 
256 |a Servicio en ln̕ea 
260 |a San Pablo:  |b LTR,  |c 2021 
300 |a 1 recurso electrn̤ico 
500 |a O livro ̌fruto da Dissertaȯ̂ apresentada ̉Faculdade de Direito da Universidade de Sô Paulo para obtenȯ̂ do tt̕ulo de Mestre em Direito, na r̀ea de concentraȯ̂ Direito do Trabalho e da Seguridade Social, sob a orientaȯ̂ do Professor Dr. Estv̊ô Mallet. Sô estudados os limites objetivos da coisa julgada material no processo do trabalho, com destaque ̉normatizaȯ̂ trazida pelo Cd̤igo de Processo Civil de 2015, que alterou profundamente a matřia, estendendo s̉ queste̳s prejudiciais o manto da auctoritas rei iudicatae, respeitados os requisitos impostos pelo seu artigo 503, ʹ1o. 
506 1 |a Disponible solo en los productos indicados  |d vLex Global  |d vLex Global (Academic Edition, excluding Law Schools)  |d vLex Global (U.S. Academic Edition, Law Schools)  |d vLex Global (U.S. Academic Edition, excluding Law Schools)  |d vLex Global (Academic Edition, Law Schools) 
650 0 4 |a Derecho Laboral y Seguridad Social  |z Brasil 
740 0 |a vLex Libros (Servicio en ln̕ea) 
856 4 0 |u https://app.vlex.com/#/sources/36390  |z Acceso restringido 
942 |c BOOK 
999 0 |a Labor law and social security